| 000 | 00361pab a2200157 454500 | ||
|---|---|---|---|
| 008 | 180718b2013 xxu||||| |||| 00| 0 eng d | ||
| 100 | _aPettibone, Craig | ||
| 245 | _aWhat would GS system pay reform look like? | ||
| 260 | _c2013 | ||
| 300 | _ap.9-11. | ||
| 362 | _aSpring | ||
| 650 | _aCivil service | ||
| 773 | _aManager | ||
| 908 | _aN | ||
| 909 | _a99522 | ||
| 999 |
_c99521 _d99521 |
||